Implementácia CRM systému v konkrétnom podniku bakalárska práca

Uložené v:
Podrobná bibliografia
Hlavný autor: Gajdošíková, Katarína
Korporativný autor: Fakulta podnikového manažmentu EU. Katedra informačného manažmentu
Ďalší autori: Bodzsárová, Veronika
Médium: Kniha
Jazyk:Slovak
Vydavateľské údaje: Bratislava 2011
Tagy: Pridať tag
Žiadne tagy, Buďte prvý, kto otaguje tento záznam!

MARC

LEADER 00000nbm a2200000 4500
001 0131685
005 20161109111423.0
041 0 |a slo 
044 |a SK 
245 1 0 |a Implementácia CRM systému v konkrétnom podniku  |b bakalárska práca  |c Katarína Gajdošíková ; školiteľ: Veronika Bodzsárová 
264 1 |a Bratislava  |c 2011 
300 |a 45 s. 
100 1 |a Gajdošíková, Katarína 
700 1 |a Bodzsárová, Veronika 
710 2 |a Fakulta podnikového manažmentu EU. Katedra informačného manažmentu